000 00633cam a2200217 a 4500
001 2563745
005 20180123072618.0
008 950327s1996 wiua 001 0 eng
010 _a 95075721
020 _a0697241300 (pbk.)
040 _aDLC
_cDLC
_dDLC
041 _aeng
080 _a372.43 SHA
082 0 0 _a372.43 SHA
_220
100 1 _a48
101 _aEDU
245 1 0 _aRemediating reading difficulties /
_cSharon J. Crawley, King Merritt.
906 _a7
_bcbc
_corignew
_d2
_eopcn
_f19
_gy-gencatlg
942 _2ddc
_cBK
999 _c40781
_d40781